El precio de la sangre : ejércitos y sociedad en Navarra durante la baja Edad Media /

Bibliographic Details
Main Author: Fernández de Larrea Rojas, Jon Andoni
Format: Electronic eBook
Language:Spanish
Published: Madrid : Sílex, 2013.
Series:Sílex universidad.
Subjects:
Online Access:Digitalia Hispánica

MARC

LEADER 00000nam a2200000Ii 4500
001 DIGSLX2045
003 NyNyDIG
006 m o d
007 cr |||||||||||
008 140101s2013 sp ob 000 0 spa d
020 |z 9788477374992 
020 |z 8477374996 
035 |a (OCoLC)888244886 
040 |a DGITA  |b eng  |e pn  |c DGITA 
043 |a e-sp--- 
050 1 4 |a DP155 eBook 
100 1 |a Fernández de Larrea Rojas, Jon Andoni. 
245 1 3 |a El precio de la sangre :  |b ejércitos y sociedad en Navarra durante la baja Edad Media /  |c Joni Andoni Fernández de Larrea Rojas 
264 1 |a Madrid :  |b Sílex,  |c 2013. 
300 |a 1 online resource (209 pages)  
336 |a text  |b txt  |2 rdacontent 
337 |a computer  |b c  |2 rdamedia 
338 |a online resource  |b cr  |2 rdacarrier 
490 1 |a Sílex universidad. 
504 |a Includes bibliographical references. 
651 0 |a Navarre (Kingdom)  |x History, Military. 
651 0 |a Navarre (Kingdom)  |x Social conditions. 
655 0 |a Electronic books. 
791 2 |a Digitalia (Firm),  |e distributor. 
830 0 |a Sílex universidad. 
793 0 |g Digitalia eBook Collection:  |a Sílex. 
856 4 0 |3 Digitalia Hispánica  |u https://www.digitaliapublishing.com/a/19218/ 
910 |a Premium Collection: 2007-2012